| 000 | 00645nam a2200181Ia 4500 | ||
|---|---|---|---|
| 005 | 20250508160009.0 | ||
| 008 | 008 250505s9999 xx 000 0 eng d | ||
| 037 | _aBooks to be hide in OPAC | ||
| 040 |
_aFEDL _beng _cFEDL |
||
| 041 |
_aeng _2eng |
||
| 084 |
_a371.1609429, GRE/O _qFEDL |
||
| 245 | 0 | _aFourth report of the Burnham committee on scale of salaries for teachers in public elementary schools : England and wales october, 1938 | |
| 245 | 0 | _cBoard of Education | |
| 260 |
_aLondon, UK _bHis Majesty's Stationary Office _c1939 |
||
| 300 | _a57p. | ||
| 942 |
_cHB _h371.1609429, GRE/O |
||
| 999 |
_c1360846 _d1360846 |
||